Still life and special effects photography: A guide to professional lighting techniques.
Tallennettuna:
| Päätekijät: | , |
|---|---|
| Aineistotyyppi: | Kirja |
| Julkaistu: |
Mies, Switzerland:
RotoVision,
2007.
|
| Aiheet: | |
| Tagit: |
Lisää tagi
Ei tageja, Lisää ensimmäinen tagi!
|
MARC
| LEADER | 00000nam a22000007a 4500 | ||
|---|---|---|---|
| 003 | CL-VaPUC | ||
| 005 | 20250407202437.0 | ||
| 008 | 250306t2007 ||||| |||| 00| 0 eng d | ||
| 999 | |c 447133 |d 447131 | ||
| 020 | |a 978-2-940361-30-4 | ||
| 040 | |c Pontificia Universidad Católica de Valparaíso | ||
| 082 | |a 778.72 HIC 2007 | ||
| 100 | |9 896355 |a Hicks, Roger |e author | ||
| 245 | |a Still life and special effects photography: |b A guide to professional lighting techniques. | ||
| 260 | |a Mies, Switzerland: |b RotoVision, |c 2007. | ||
| 300 | |a 286 páginas: |b fotografías. | ||
| 500 | |a c.1. Instituto Arcos.08-01-2025. | ||
| 583 | |c 20250306 |k Gabriela Rodríguez Cuevas | ||
| 650 | 0 | |9 268495 |a Fotografía |x Temas inanimados |x Iluminación | |
| 650 | 0 | |9 895700 |a Fotografía |x Técnicas y efectos especiales | |
| 650 | 0 | |9 268495 |a Fotografía |x Materiales y equipos | |
| 700 | |9 896356 |a Schultz, Frances |e author | ||
| 942 | |2 ddc |c BK |n 0 | ||
| 952 | |0 0 |1 0 |2 ddc |4 0 |6 778_720000000000000_HIC_2007 |7 0 |8 A |9 600669 |a BIBINC |b BIBINC |d 2025-03-06 |e Instituto Arcos |i 5665579 |l 1 |o 778.72 HIC 2007 |p 5665579 |r 2025-04-25 |s 2025-04-24 |t 1 |w 2025-03-06 |y BK |k IFP | ||